The cost of discipleship
محفوظ في:
| المؤلف الرئيسي: | |
|---|---|
| التنسيق: | كتاب |
| اللغة: | الإنجليزية |
| منشور في: |
Nueva York
The Macmillan Company
1963
|
| الطبعة: | 1a. ed |
| الموضوعات: | |
| الوسوم: |
إضافة وسم
لا توجد وسوم, كن أول من يضع وسما على هذه التسجيلة!
|
MARC
| LEADER | 00000cam a2200000 a 4500 | ||
|---|---|---|---|
| 001 | UCE8655 | ||
| 003 | CL-VaPUC | ||
| 008 | 150827e19630000us |||||||||||||||||eng|d | ||
| 082 | 0 | 4 | |a 241.53 |b BON |2 21 |
| 100 | 0 | |a Bonhoeffer, Dietrich |e author |9 581387 | |
| 245 | 1 | 4 | |a The cost of discipleship |
| 250 | |a 1a. ed | ||
| 300 | |a 352 p | ||
| 942 | |c BK | ||
| 945 | |d 20150827 16:13:00 |a dcastane | ||
| 260 | |a Nueva York |b The Macmillan Company |c 1963 | ||
| 650 | 7 | |a CODIGO DE CONDUCTA |2 CL-VaPUC |9 581388 | |
| 650 | 7 | |a SERMON DE LA MONTAÑA |2 CL-VaPUC |9 316285 | |
| 583 | |a last modification |c 20150827 16:13:00 |k Rodrigo Vera | ||
| 999 | |c 360447 |d 360445 | ||
| 952 | |0 0 |1 0 |3 erb |4 0 |6 241_530000000000000_BON_1963 |7 0 |8 A |9 470279 |a BIBTEO |b BIBTEO |e Valenzuela Fuenzalida, Alvaro Miguel, 1932- |i 5169941 |o 241.53 BON 1963 |p 5169941 |r 2025-01-17 |w 2019-11-23 |y BK |z Catalogado en:20150827 |k ICR | ||